<?xml version="1.0" encoding="UTF-8"?>
<collection xmlns="http://www.loc.gov/MARC21/slim">
  <record>
    <leader>00000nam  2200000   4500</leader>
    <controlfield tag="001">INLIS000000000008625</controlfield>
    <controlfield tag="005">20260126085732</controlfield>
    <datafield tag="035" ind1="#" ind2="#">
      <subfield code="a">0010-0223000248</subfield>
    </datafield>
    <datafield tag="245" ind1="1" ind2="#">
      <subfield code="a">Messenger &amp; Mail Hacking /</subfield>
      <subfield code="c">Feri Sulianta</subfield>
    </datafield>
    <datafield tag="100" ind1=" " ind2="#">
      <subfield code="a">FERI Sulianta</subfield>
    </datafield>
    <datafield tag="300" ind1="#" ind2="#">
      <subfield code="a">viii, 144 halaman :</subfield>
      <subfield code="b">gambar, tabel ;</subfield>
      <subfield code="c">19x23 cm</subfield>
    </datafield>
    <datafield tag="260" ind1="#" ind2="#">
      <subfield code="a">Jakarta :</subfield>
      <subfield code="b">PT. Elex Media Komputindo,</subfield>
      <subfield code="c">2009</subfield>
    </datafield>
    <datafield tag="020" ind1="#" ind2="#">
      <subfield code="a">978-979-27-5040-9</subfield>
    </datafield>
    <datafield tag="650" ind1="#" ind2="4">
      <subfield code="a">Data Security/Keamanan Komputer, Keamanan Data</subfield>
    </datafield>
    <datafield tag="520" ind1="#" ind2="#">
      <subfield code="a">Buku ini membahas: Dasar E-mail dan Instant Messaging, Hacking sederhana sebagai basis kreativitas, Hacking E-mail dan Instant Messaging tingkat tinggi, Percontohan dan "step by step" hacking, Menangkal dan mengatasi tindakan hacking</subfield>
    </datafield>
    <controlfield tag="008">260126################g##########0#ind##</controlfield>
    <datafield tag="082" ind1="#" ind2="#">
      <subfield code="a">005.8</subfield>
    </datafield>
    <datafield tag="084" ind1="#" ind2="#">
      <subfield code="a">005.8 FER m</subfield>
    </datafield>
    <datafield tag="856" ind1="#" ind2="#">
      <subfield code="a">OPAC Ruang Sirkulasi (Rak 1.3)</subfield>
    </datafield>
    <datafield tag="990" ind1="#" ind2="#">
      <subfield code="a">14/SP-21</subfield>
    </datafield>
  </record>
</collection>
